| 000 | 00369nam a2200133Ia 4500 | ||
|---|---|---|---|
| 008 | 151213s9999 xx 000 0 und d | ||
| 100 | _aShanara Hussain | ||
| 245 |
_aThe Social Life Of Women In Early Medical Sequel _cShanara Hussain |
||
| 260 |
_aDhaka _bAsiatic Socitey _c1983 |
||
| 300 | _a7189 p. | ||
| 650 | _aReference | ||
| 700 | _aShanara Hussain | ||
| 999 |
_c3827 _d3827 |
||